00502nam a2200121Ia 4500008004100000082002000041100002300061245007900084260005100163365000800214630007900222730007900301100415s9999 xx 000 0 und d b9911a595.7(54) aMaxwell-Lefroy H. aIndian Insect Life : A Manual of the Insect of the Plains (Tropical India) aNEW DELHIc1909bTODAY & TOMORROW'S PRINTERS & b500 aIndian Insect Life : A Manual of the Insect of the Plains (Tropical India) aIndian Insect Life : A Manual of the Insect of the Plains (Tropical India)